The joy of reading literature: (Record no. 22527)

MARC details
000 -LEADER
fixed length control field 00787nam a22002057a 4500
008 - FIXED-LENGTH DATA ELEMENTS--GENERAL INFORMATION
fixed length control field 090128t xxu||||| |||| 00| 0 eng d
010 ## - LCCN (DPL NO)
LC control number ENG-92659
020 ## - INTERNATIONAL STANDARD BOOK NUMBER
International Standard Book Number 9788125035237
Terms of availability 70.00
020 ## - INTERNATIONAL STANDARD BOOK NUMBER
International Standard Book Number 8125035230
Terms of availability 70.00
035 ## - SYSTEM CONTROL NUMBER
System control number EN-76192
037 ## - SOURCE OF ACQUISITION
Source of stock number/acquisition DBAD / PUB
040 ## - CATALOGING SOURCE
Original cataloging agency dpl
Language of cataloging English
082 ## - DEWEY DECIMAL CLASSIFICATION NUMBER
Classification number 880.8
245 ## - TITLE STATEMENT
Title The joy of reading literature:
Statement of responsibility, etc by Board of Editors
Remainder of title an anthology for degree classes /
260 ## - PUBLICATION, DISTRIBUTION, ETC. (IMPRINT)
Place of publication, distribution, etc Mumbai
Name of publisher, distributor, etc Orient Longman
Date of publication, distribution, etc 2008
270 ## - ADDRESS
Address Kamani Marg, Ballard Estate,
City Mumbai
Postal code 400001
300 ## - PHYSICAL DESCRIPTION
Extent 120p.
Dimensions 22cm (pbk)
942 ## - ADDED ENTRY ELEMENTS (KOHA)
Source of classification or shelving scheme Dewey Decimal Classification
Item type English Books
Call number suffix JOY
Classification part 880.8
Holdings
Withdrawn status Lost status Source of classification or shelving scheme Damaged status Not for loan Collection code Home library Current library Date acquired Source of acquisition Cost, normal purchase price Total Checkouts Full call number Barcode Date last seen Copy number Cost, replacement price Koha item type
    Dewey Decimal Classification   Not For Loan Non-fiction D.B.Act.Division D.B.Act.Division 28/01/2009 DBAD / PUB 70.00   880.8 JOY EN-76192 28/01/2009 1 70.00 English Books

© Delhi Public Library
Hit Counter
free hit counter